| 000 | 00000nam##2200000za#4500 |
| 001 | 9.670074 |
| 003 | CaOODSP |
| 005 | 20210615125242 |
| 007 | ta |
| 008 | 150407|2008||||xxc||||| f|0| 0 fre|d |
| 020 | |a978-0-662-05668-3 |
| 040 | |aCaOODSP|bfre |
| 041 | |aeng |
| 041 | |afre |
| 043 | |an-cn--- |
| 086 | 1 |aH128-1/08-534 |
| 110 | 1 |aCanada. |bSanté Canada. |
| 245 | 10|aPendant combien de temps les sièges d'enfant et les coussins d'appoint sont-ils sécuritaires? |
| 260 | |aOttawa - Ontario : |bSanté Canada |cc2008. |
| 300 | |aTexte français, 1p. : |btableau ; |c28 cm. |
| 563 | |aPolycopié |
| 590 | |a08-48|b2008-11-28 |
| 776 | 0#|tPendant combien de temps les sièges d'enfant et les coussins d'appoint sont-ils sécuritaires? |w(CaOODSP)9.643639 |
| 776 | 0#|tChildren's car seats and booster cushions - how long are they safe? |w(CaOODSP)9.699663 |
| 791 | |tChildren's car seats and booster cushions - how long are they safe? |eeng|w(CaOODSP)9.670073 |
| 986 | |aSC Pub. 4443 |